000 00932cab a2200277 4500
001 ABS49363
008 090401t1993 xxu||||| |||| 00| 0 eng d
035 _a(Sirsi) u71012
041 _aeng
100 _aGoodman, J.
245 _aDoE green light for prohibition orders
260 _c1993
350 _a0
490 _aMineral Planning
_v(56) September 1993, 11-13(3)
520 _aReports a decision by the DoE to confirm an order prohibiting resumption of work at an extraction site considered permanently closed, under the Town and Country Planning (Minerals) Act 1981.
650 _aKENT
650 _aLULLINGSTONE
650 _aMINERAL PLANNING
650 _aPROHIBITION ORDERS
650 _aTOWN AND COUNTRY PLANNING (MINERALS) ACT 1981
650 _aTOWN AND COUNTRY PLANNING ACT 1971 S51A
690 _aMINING AND MINERALS
690 _aPLANNING LAW AND PRACTICE
942 _n0
948 _c04/03/1997
999 _c44742
_d44742